00858nam a22002657a 4500999001300000001000600013003000900019005001700028008004100045020001800086020001500104040002800119082002000147100002000167245008000187250001200267264003100279300003000310500002000340650004000360650002600400700002100426942001200447952013300459 c198d19820633BD-DhUAP20200119141725.02001 s2017 mau b 001 0 eng  a9781292166629 a1292166629 aDLCbEngcDLCdBD-DhUAP00223a005.133 PUN1 aPunch, William.14aThe practice of computing using Python /cWilliam Punch and Richard Enbody. a3rd ed. 1aBoston :bPearson,cc2017. axxxi, 880 pages ;c24 cm. aIncludes index. 0aPython (Computer program language). 0aComputer programming.1 aEnbody, Richard. 2ddccBK 00102ddc4070aUAPCLbUAPCLcGeneral Stacksd2020-01-19l1o005.133 PUNp3010020633r2022-02-22s2022-01-16t1w2020-01-19yBK